Effect of hill spacing on lecttuce yield under dរy season condition at royal university of agriculture 2004 ឥទ្ធិពលទៅលើទិន្នផលដំណាំសាលាដក្នុងលក្ខខណ្ឌរដូវប្រាំង នៅសាកលវិទ្យាល័យភូមិន្ទកសិកម្ម ឆ្នាំ ២០០៤ (Record no. 678)

000 -LEADER
fixed length control field 00705nam a22001457a 4500
003 - CONTROL NUMBER IDENTIFIER
control field OSt
005 - DATE AND TIME OF LATEST TRANSACTION
control field 20150917163213.0
008 - FIXED-LENGTH DATA ELEMENTS--GENERAL INFORMATION
fixed length control field 150917b xxu||||| |||| 00| 0 eng d
040 ## - CATALOGING SOURCE
Transcribing agency RUA
082 ## - DEWEY DECIMAL CLASSIFICATION NUMBER
Classification number AGR LON 2004 B031 B031
100 ## - MAIN ENTRY--PERSONAL NAME
9 (RLIN) 705
Personal name LONG, CHANPHEA.
245 ## - TITLE STATEMENT
Title Effect of hill spacing on lecttuce yield under dរy season condition at royal university of agriculture 2004 ឥទ្ធិពលទៅលើទិន្នផលដំណាំសាលាដក្នុងលក្ខខណ្ឌរដូវប្រាំង នៅសាកលវិទ្យាល័យភូមិន្ទកសិកម្ម ឆ្នាំ ២០០៤
260 ## - PUBLICATION, DISTRIBUTION, ETC. (IMPRINT)
Place of publication, distribution, etc. Phnom Penh
Name of publisher, distributor, etc. RUA
Date of publication, distribution, etc. 2004
942 ## - ADDED ENTRY ELEMENTS (KOHA)
Source of classification or shelving scheme
Koha item type AGR
Holdings
Price effective from Date last seen Permanent Location Not for loan Date acquired Source of classification or shelving scheme Koha item type Lost status Withdrawn status Date last checked out Total Checkouts Shelving location Damaged status Barcode Current Location Full call number
2015-09-172024-01-03Library Block B 2015-09-17 AGR  2023-12-0511B031 RUA008600Library Block BAGR LON 2004 B031 Or.1
មជ្ឈមណ្ឌលឯការនៃសាកលវិទ្យាល័យភូមិន្ទកសិកម្មចំការដូង

Powered by Koha